Learning Resource and Development

Anxiety makes me anxious / (Record no. 12476)

MARC details
000 -LEADER
fixed length control field 00841nam a22002657a 4500
005 - DATE AND TIME OF LATEST TRANSACTION
control field 20230512223924.0
008 - FIXED-LENGTH DATA ELEMENTS--GENERAL INFORMATION
fixed length control field 220902t xxu||||| |||| 00| 0 eng d
020 ## - INTERNATIONAL STANDARD BOOK NUMBER
International Standard Book Number 9780998724706
040 ## - CATALOGING SOURCE
Transcribing agency CSPC
082 0# - DEWEY DECIMAL CLASSIFICATION NUMBER
Classification number 616.8522
Item number B739a
100 ## - MAIN ENTRY--PERSONAL NAME
Personal name Brazier, Shayna,
Relator term author.
245 00 - TITLE STATEMENT
Title Anxiety makes me anxious /
Statement of responsibility, etc. Shayna Brazier; illustrated by Jake Bush.
260 ## - PUBLICATION, DISTRIBUTION, ETC.
Place of publication, distribution, etc. Superior, CO :
Name of publisher, distributor, etc. The Happiness Center,
Date of publication, distribution, etc. 2017.
300 ## - PHYSICAL DESCRIPTION
Extent 91 pages :
Other physical details colored illustrations ;
Dimensions 22 cm.
336 ## - CONTENT TYPE
Source rdacontent
Content type term text
337 ## - MEDIA TYPE
Source rdamedia
Media type term unmediated
338 ## - CARRIER TYPE
Source rdacarrier
Carrier type term volume
650 10 - SUBJECT ADDED ENTRY--TOPICAL TERM
Topical term or geographic name entry element Anxiety disorders.
650 10 - SUBJECT ADDED ENTRY--TOPICAL TERM
Topical term or geographic name entry element Anxiety.
700 1# - ADDED ENTRY--PERSONAL NAME
Personal name Bush, Jake,
Relator term illustrator.
940 ## - EQUIVALENCE OR CROSS-REFERENCE--UNIFORM TITLE [OBSOLETE] [CAN/MARC only]
Uniform title <a href="jessa">jessa</a>
942 ## - ADDED ENTRY ELEMENTS (KOHA)
Koha item type
-- CIR 616.8522 B739a 2017
Holdings
Withdrawn status Lost status Damaged status Not for loan Home library Current library Shelving location Date acquired Total Checkouts Full call number Barcode Date last seen Date last checked out Copy number Price effective from Koha item type
        Main Library Main Library Circulation Section 05/12/2023 1 CIR 616.8522 B739a 2017 024522 11/05/2025 10/07/2025 1-2 05/12/2023 Books
        Main Library Main Library Circulation Section 05/12/2023   CIR 616.8522 B739a 2017 024523 05/12/2023   2-2 05/12/2023 Books